| 000 | 01828cam a22004454i 4500 | ||
|---|---|---|---|
| 003 | PE-LiUPU | ||
| 005 | 20250731172945.0 | ||
| 008 | 150623s1997 nyua r 000 0 eng d | ||
| 020 | _a0415141141 | ||
| 035 | _a(Sirsi) i9780415141147 | ||
| 040 |
_aPE-LiUPU _bspa _cPE-LiUPU _erda |
||
| 049 | _aPRUA | ||
| 082 | 0 | 4 |
_a220.93 _bA11 _221 |
| 245 | 0 | 0 |
_aArchaeology and interpretation / _ceditado por John R. Bartlett. |
| 264 | 1 |
_aNew York : _bRouledge, _c1997. |
|
| 300 |
_a176 páginas : _bilustraciones mapas, láms. ; _c21.5 centímetros |
||
| 336 |
_atext _2rdacontent |
||
| 337 |
_aunmediated _2rdamedia |
||
| 338 |
_avolume _2rdacarrier |
||
| 505 | 0 | _aWhat has archaeology to do with the Bible -or vice versa? -- Archaeology and the emergence of early Israel -- Kuntillet Ajrud and the history of Israelite religion -- The archaeology of Qumran -- The temple mount of Herod the great at Jerusalem: recent excavations and literary sources -- Archaeology and the historical Jesus -- On the Pilgrim's way to the holy city of Jerusalem: The basilica of dor in Israel. | |
| 526 | _aSEG42 | ||
| 526 | _aSEG41 | ||
| 526 | _aSEG40 | ||
| 526 | _aSEG39 | ||
| 526 | _aP94 | ||
| 526 | _aP87 | ||
| 526 | _aP86 | ||
| 526 | _aP85 | ||
| 526 | _aP77 | ||
| 526 | _aP76 | ||
| 526 | _aP35 | ||
| 650 | 1 | 4 | _aArqueología bíblica. |
| 700 | 1 |
_aBartlett, John R., _eed. |
|
| 942 |
_2ddc _cBOOK |
||
| 949 |
_a220.93 A11 _wDEWEY _c1 _i44728 _lCCODEBUL1 _mBUL _r0 _sY _tBOOK _u2015-6-24 _xTEOLOGIA _PP35 _0COMPRA _o.STAFF. Colección Teología |
||
| 994 |
_aC0 _bPEPRU |
||
| 596 | _a1 | ||
| 999 |
_a220.93 A11 _wDEWEY _c21593 _i44728 _d21593 _f2021-11-9 _g5 _lCCODEBUL1 _mBUL _p25.00 _q2 _r0 _sY _tBOOK _u2015-6-24 _xTEOLOGIA _PP35 _0COMPRA _o.STAFF. Colección Teología |
||
| 980 |
_81 _gALBERTO SANCHEZ Responsable de Automatización |
||